00545nam a2200169Ia 4500003000900000008004100009040001600050080001700066100002300083245010500106260003300211300001600244650002400260650004100284650002800325700002200353IN-BaIIA211028s9999 xx 000 0 eng d cIIA Library a51:62bCHI-4 aChirgwin, Brian H. 2aA course of mathematics for engineers and scientistsbvol. 4cBrian H. Chirgwin and Charles Plumpton aOxfordbPergamon Pressc1964 aviii, 353p. aApplied mathematics aAstronomy and astrophysics thesaurus aEngineering mathematics aPlumpton, Charles